| 000 | 00532cam a2200181ua 4500 | ||
|---|---|---|---|
| 020 |
_a81 7233 154 5 _c400.00 |
||
| 041 |
_aeng _h |
||
| 082 |
_a632.3 _bENG/SO |
||
| 100 | _aEngelhard, Arthur W . | ||
| 245 |
_aSoil borne plant pathogens:manafgement of diseaes with macro and micro elements / _cArthur W Engelhard. _hTextual Documents |
||
| 260 |
_aJodhpur : _bScientific Publishers , _c1993. |
||
| 300 | _a217 ; . | ||
| 365 | _a400.00 | ||
| 500 | _a**Reference | ||
| 504 | _a | ||
| 942 | _cBK | ||
| 999 |
_c10474 _d10474 |
||